|
|
|
|
| LEADER |
00000nam a22000007a 4500 |
| 005 |
20140604000757.0 |
| 007 |
cr|||| |||| |
| 008 |
140604s2014 it |||||s|||| 00||0 ita d |
| 020 |
|
|
|a 978-88-6611-358-4
|
| 035 |
|
|
|a 12205
|
| 040 |
|
|
|a vLex
|
| 090 |
|
|
|c 4995
|d 4995
|
| 100 |
1 |
|
|a Cataldo, Emanuele
|
| 245 |
1 |
3 |
|a Il capitale di rischio:
|h [Recurso electrn̤ico] :
|b Un mercato che stenta a decollare /
|c Emanuele Cataldo
|
| 256 |
|
|
|a Servicio en ln̕ea
|
| 260 |
|
|
|a Bari:
|b Cacucci Editore,
|c 2014
|
| 300 |
|
|
|a 1 recurso electrn̤ico
|
| 500 |
|
|
|a Analisi e proposte.
|
| 506 |
1 |
|
|a Disponible solo en los productos indicados
|d vLex Global
|d vLex Global (Academic Edition, excluding Law Schools)
|d vLex Global (U.S. Academic Edition, Law Schools)
|d vLex Global (U.S. Academic Edition, excluding Law Schools)
|d vLex Global (Academic Edition, Law Schools)
|
| 650 |
0 |
4 |
|a Derecho Pb︢lico y Administrativo
|z Italia
|
| 650 |
0 |
4 |
|a Derecho Comunitario
|z Italia
|
| 740 |
0 |
|
|a vLex Libros (Servicio en ln̕ea)
|
| 856 |
4 |
0 |
|u http://vlex.com/source/capitale-rischio-mercato-che-stenta-decollare-12205
|z Acceso restringido
|
| 942 |
|
|
|c BOOK
|
| 999 |
0 |
|
|a Public and Administrative Law
|
| 999 |
0 |
|
|a Community Law
|